00254nam a22000857a 4500082003100000100001600031245004300047260004100090526003700131 a621.4021bJONcL-38, p-153 aJones, J.B. aEngineering thermodynamicscJ.B. Jones aNew JerseybPrentice-Hall, Incc1996 a0b0c0d621_402100000000000_JON